[Event "Floripa Chess Open 2024"]
[Site "Florianopolis"]
[Date "2024.01.20"]
[Round "1.111"]
[White "Ferreira, Andrei Dias"]
[Black "Koinski, Carlos Cesar"]
[Result "1-0"]
[WhiteElo "1977"]
[BlackElo "1371"]
[PlyCount "95"]
[EventDate "2024.01.20"]
[EventRounds "10"]
[EventCountry "BRA"]

1. e4 c5 2. Nf3 d6 3. d4 cxd4 4. Nxd4 Nc6 5. Nc3 a6 6. Be2 Nf6 7. Be3 e6 8. O-O
Be7 9. a4 O-O 10. Kh1 Ne5 $146 ({RR} 10... Bd7 11. Nb3 Na5 12. Nd2 Qc7 13. f4
Rab8 14. Bf3 b5 15. axb5 axb5 16. Ne2 e5 17. b3 Nc6 18. c4 bxc4 19. bxc4 Ra8
20. Nc3 Rxa1 21. Qxa1 Nb4 22. Nd5 Nfxd5 23. cxd5 exf4 24. Bxf4 Nd3 25. Be3 {
Apol,L-Belkhodja,S (2205) Thessaloniki 1984 1/2-1/2 (79)}) ({RR} 10... e5 11.
Nxc6 bxc6 12. a5 d5 13. Bb6 Qd6 14. exd5 cxd5 15. Na4 Qc6 16. c4 d4 17. f3 Bb7
18. Qb1 Ng4 19. b4 Ne3 20. b5 Qh6 21. c5 Bh4 22. Kg1 Qg5 23. g4 axb5 24. Bxb5
Nxg4 {0-1 (24) Alekseenko,K (2698)-Andreikin,D (2729) chess.com INT 2022}) 11.
f4 Ng6 12. g4 e5 13. Nf5 Nxf4 14. Bxf4 exf4 15. g5 Ne8 16. h4 Be6 17. Nd5 Bxd5
18. exd5 f6 19. g6 hxg6 20. Nd4 Nc7 21. h5 g5 22. Bd3 Nxd5 23. Bc4 Kh8 24. Bxd5
Qb6 25. Qd3 Rac8 26. Ne6 Qe3 27. Qxe3 fxe3 28. Nxf8 Bxf8 29. c4 Rc7 30. Rae1
Re7 31. Rf3 e2 32. Rf2 Kh7 33. Rfxe2 Re5 34. Rxe5 fxe5 35. Be4+ Kh6 36. Rf1 Be7
37. Rf7 Bf6 38. Bg6 b6 39. Kg2 g4 40. Rb7 e4 41. Rxb6 Be5 42. Bxe4 Kxh5 43.
Rxa6 Kh4 44. b4 g3 45. b5 Kg4 46. b6 Kf4 47. b7 Kxe4 48. b8=Q 1-0

[Event "Floripa Chess Open 2024"]
[Site "Florianopolis"]
[Date "2024.01.20"]
[Round "1.112"]
[White "Vaz, Pedro Henrique Lins"]
[Black "Colivet Gamboa, Julio Cesar"]
[Result "0-1"]
[WhiteElo "1359"]
[BlackElo "1976"]
[PlyCount "98"]
[EventDate "2024.01.20"]
[EventRounds "10"]
[EventCountry "BRA"]

1. e4 c5 2. c3 d5 3. exd5 Qxd5 4. d4 Nc6 5. Nf3 cxd4 6. Nxd4 e5 7. Nxc6 Qxd1+
8. Kxd1 bxc6 9. Bc4 Bf5 $146 ({RR} 9... Bc5 10. Re1 f6 11. Be3 Bb6 12. Bxb6
axb6 13. f4 Bg4+ 14. Kc1 O-O-O 15. fxe5 Re8 16. h3 Bf5 17. e6 Ne7 18. g4 Bxb1
19. Kxb1 h5 20. Kc2 hxg4 21. hxg4 b5 22. Bd3 Nd5 23. a4 b4 24. a5 {Flores
Vallcorba,J-Marsal,V (2085) Sant Boi 1997 1-0 (46)}) ({RR} 9... Nf6 10. Ke2 Bf5
11. Bg5 Be7 12. Bxf6 Bxf6 13. Nd2 O-O 14. Rhe1 Rfd8 15. Nb3 a5 16. Rad1 a4 17.
Nc1 h6 18. Rxd8+ Rxd8 19. Rd1 Rb8 20. b3 a3 21. Rd6 Rc8 22. Nd3 e4 23. Nb4 Bxc3
24. Nxc6 {AKINSEYE,A (1797)-Ciuffoletti,P (2106) chess.com INT 2022 0-1 (32)})
10. Be3 Nf6 11. Nd2 Bd6 12. Nf3 O-O 13. Ke2 Rab8 14. b3 Nd5 15. Bxd5 cxd5 16.
Rad1 Be6 17. Rd2 a5 18. Ng5 Rfc8 19. Nxe6 fxe6 20. c4 d4 21. Bg5 a4 22. Rd3 Rb4
23. Bd2 Rb7 24. Rc1 Bc5 25. f3 Rcb8 26. Rf1 Kf7 27. g4 Ke7 28. h4 Kd6 29. Be1
Bb4 30. Bg3 Bc3 31. f4 e4 32. Rxc3 dxc3 33. f5+ e5 34. Rd1+ Kc6 35. Bxe5 axb3
36. axb3 Rg8 37. Bxc3 Rxb3 38. Rc1 Ra8 39. Bxg7 Ra2+ 40. Kf1 Rf3+ 41. Kg1 Rg3+
42. Kf1 Rxg4 43. f6 Rxh4 44. Kg1 Rg4+ 45. Kh1 Rf2 46. Re1 Rf5 47. Re2 e3 48.
Bh8 Rh5+ 49. Rh2 e2 0-1

[Event "Floripa Chess Open 2024"]
[Site "Florianopolis"]
[Date "2024.01.20"]
[Round "1.114"]
[White "Gurski, Guilherme Rybu"]
[Black "Da Silva, Lucas Pereira Mende"]
[Result "0-1"]
[WhiteElo "1354"]
[BlackElo "1974"]
[PlyCount "82"]
[EventDate "2024.01.20"]
[EventRounds "10"]
[EventCountry "BRA"]

1. c4 Nf6 2. Nf3 e6 3. Nc3 d5 4. cxd5 exd5 5. d4 Be7 6. g3 O-O 7. Bg2 Re8 8.
O-O c6 9. Bf4 ({RR} 9. Ne5 Nbd7 10. Nd3 Nb6 11. Na4 a5 12. b3 Nxa4 13. bxa4 Ne4
14. Qb3 Bf6 15. Ne5 Bxe5 16. dxe5 Rxe5 17. Rd1 Bf5 18. f3 Nc5 19. Qa3 Qe7 20.
Bf1 Na6 21. Qxe7 Rxe7 22. Kf2 Rae8 23. Ba3 Nb4 {Mrva,M (2499)-Plachetka,J  
(2427) Banska Stiavnica 2006 0-1 (52)}) 9... Bf5 10. Rc1 ({RR} 10. Ne5 Nbd7 11.
Nxd7 Qxd7 12. Qb3 Ne4 13. Nxe4 Bxe4 14. Bxe4 dxe4 15. Rfd1 b6 16. Rac1 Bd6 17.
Bxd6 Qxd6 18. e3 Rac8 19. Rc3 h5 20. h4 c5 21. dxc5 Qe6 22. Qxe6 Rxe6 23. cxb6
Rxc3 24. b7 Rb6 {Figorito,N (2036)-Harish,N (2142) chess.com INT 2023 1-0 (64)}
) 10... Nbd7 $146 ({RR} 10... Nh5 11. Bd2 Nd7 12. h3 Nhf6 13. Nh4 Be6 14. Qc2
Nb6 15. Nf3 Qc8 16. Kh2 Nc4 17. Ne5 Bf5 18. Qd1 Nxd2 19. Qxd2 Qb8 20. f4 Nd7
21. e4 dxe4 22. Nxe4 Qd8 23. Rcd1 Bf8 24. Rfe1 Nb6 25. Qc3 {Hesse,H (2242)
-Goldbeck,L (2273) Berlin GER 2020 1-0 (76)}) 11. a3 Qb6 12. b4 a5 13. Qb3 axb4
14. axb4 Qxb4 15. Qxb4 Bxb4 16. Nh4 Be6 17. Rc2 h6 18. Nf3 Bf5 19. Rcc1 Ba3 20.
Ra1 Bb2 21. Rxa8 Rxa8 22. Nd1 Ba1 23. Ne3 Be4 24. Rd1 b5 25. Ne1 Bxg2 26. Kxg2
Nb6 27. N1c2 Bc3 28. Rd3 Ba5 29. Bc7 Rc8 30. Bxb6 Bxb6 31. Rc3 Kf8 32. Nd1 Ne4
33. Rd3 Bd8 34. Nc3 Nxc3 35. Rxc3 Be7 36. e3 Ke8 37. Kf1 Kd7 38. Ke2 Ra8 39.
Kd3 Ra2 40. f3 Rb2 41. Ke2 b4 0-1

[Event "Floripa Chess Open 2024"]
[Site "Florianopolis"]
[Date "2024.01.20"]
[Round "1.115"]
[White "Andrade, Roberto Luiz Costa"]
[Black "Abdalla, Umar Mohammad"]
[Result "1-0"]
[WhiteElo "1962"]
[BlackElo "1354"]
[PlyCount "68"]
[EventDate "2024.01.20"]
[EventRounds "10"]
[EventCountry "BRA"]

1. e4 c5 2. Nf3 e6 3. d4 cxd4 4. Nxd4 Nc6 5. Nc3 Bc5 6. Be3 Bxd4 7. Bxd4 e5 ({
RR} 7... Nxd4 8. Qxd4 Qf6 9. e5 Qd8 10. Nb5 a6 11. Nd6+ Kf8 12. Bd3 b5 13. Be4
Rb8 14. Qa7 Qb6 15. Qxb6 Rxb6 16. Nxc8 Rb8 17. Nd6 Ke7 18. O-O-O Nh6 19. Rd4
Ng4 20. f4 f6 21. exf6+ gxf6 22. Bf3 {Barrientos Chavarriaga,S (2464)-Debesay,
Y Khanty-Mansiysk 2010 1-0 (46)}) 8. Bc5 ({RR} 8. Be3 Nf6 9. Be2 O-O 10. O-O b6
11. f4 Bb7 12. Bf3 d6 13. Qd2 Qe7 14. Rad1 Rad8 15. Qf2 Rd7 16. Rd2 Rfd8 17.
Rfd1 Nb4 18. a3 Na6 19. Qg3 Nc5 20. fxe5 dxe5 21. Rxd7 Rxd7 22. Rxd7 Nfxd7 {
Muchugu,C (1423)-Sarker,M Tornelo INT 2021 1-0 (31)}) 8... Nge7 $146 ({RR} 8...
Qa5 9. Qd6 Nge7 10. b4 Qd8 11. Nd5 b6 12. Bxb6 axb6 13. Nc7+ Kf8 14. Nxa8 Bb7
15. Nc7 Nxb4 16. Qxb4 Qxc7 17. Bd3 Ke8 18. Rb1 Nc8 19. O-O Qc6 20. f3 Rf8 21.
Rfd1 f5 22. Bb5 Qxc2 23. Rxd7 {Sakhina,M (1879)-Grekhneva,N Angarsk 2007 1-0})
9. Qd6 b6 10. Ba3 O-O 11. O-O-O Re8 12. Nb5 Rf8 13. Nc7 Rb8 14. Bb5 Rb7 15. Nd5
Nxd5 16. Rxd5 Nd4 17. Qxf8+ Qxf8 18. Bxf8 Kxf8 19. Rxe5 Nxb5 20. Rxb5 d6 21.
Rd1 Rd7 22. e5 dxe5 23. Rxd7 Bxd7 24. Rxe5 a6 25. f4 b5 26. Kd2 Be6 27. f5 Bd7
28. g4 a5 29. Re3 f6 30. Re4 Kf7 31. Rf4 g5 32. Rf3 h5 33. h3 h4 34. Rf2 Bc6
1-0

[Event "Floripa Chess Open 2024"]
[Site "Florianopolis"]
[Date "2024.01.20"]
[Round "1.116"]
[White "Balbinotti, Rafael Tiago Busane"]
[Black "Silva, Jeferson"]
[Result "0-1"]
[WhiteElo "1345"]
[BlackElo "1957"]
[PlyCount "88"]
[EventDate "2024.01.20"]
[EventRounds "10"]
[EventCountry "BRA"]

1. d4 Nf6 2. c4 e6 3. Nf3 d5 4. Bg5 Be7 5. cxd5 exd5 6. Nc3 c6 7. e3 Bf5 8. Bd3
Bxd3 9. Qxd3 Nbd7 10. O-O O-O 11. h3 Re8 ({RR} 11... a5 12. Bf4 Re8 13. Qc2 h6
14. Rab1 Bf8 15. a3 Nb6 16. Ne5 Nfd7 17. Nd3 Nc4 18. Ra1 Qf6 19. Rfe1 Qg6 20.
Re2 a4 21. Rae1 b5 22. e4 dxe4 23. Nxe4 Re6 24. Bg3 Qf5 25. Nf4 Re7 26. Nd3 {
Harikrishna,P (2711)-Keymer,V (2717) Kolkata IND 2023 1-0 (46)}) 12. a3 ({RR} 
12. Bf4 Bf8 13. Ne5 Nxe5 14. Bxe5 Nd7 15. Bf4 Re6 16. a3 a5 17. Rfc1 a4 18. Qc2
b5 19. e4 dxe4 20. Nxe4 Nb6 21. Ng5 Rg6 22. Nf3 Qd5 23. Bg3 Re6 24. Re1 Rae8
25. Re5 Qc4 26. Qd1 f6 {Kiselev,P (2245)-Voit,D (2349) Anapa RUS 2023 0-1 (46)}
) 12... Ne4 $146 ({RR} 12... a5 13. Rfb1 a4 14. b3 axb3 15. a4 Ne4 16. Bxe7
Rxe7 17. Rxb3 Qa5 18. Nd2 Nd6 19. Rab1 f5 20. R3b2 Qc7 21. Qc2 Nf6 22. Rb4 Nfe4
23. Nf3 Ra5 24. Ne2 Re8 25. Nf4 Qe7 26. Nd3 Rea8 27. Nfe5 {Ribeiro,J-Kostro,J
Nice 1974 1/2-1/2 (31)}) 13. Bxe7 Qxe7 14. b4 b5 15. Rac1 a5 16. Na2 Rec8 17.
Rc2 Nb6 18. Ne5 Nc4 19. f3 Ned6 20. Nxc4 Nxc4 21. e4 axb4 22. axb4 Ra3 23. Nc3
dxe4 24. fxe4 Qxb4 25. Qf3 Qe7 26. Nd5 cxd5 27. Qg4 Rd8 28. Rf3 Ne3 29. Rxe3
Rxe3 30. e5 b4 31. Qf4 Rc3 32. Rb2 b3 33. Qd2 Rdc8 34. Qe2 Qh4 35. e6 Qxd4+ 36.
Kh1 Rc1+ 37. Kh2 Qg1+ 38. Kg3 R1c3+ 39. Kh4 Qd4+ 40. g4 Qf6+ 41. g5 R8c4+ 42.
Qg4 Rxg4+ 43. hxg4 h6 44. gxf6 g5+ 0-1

[Event "Floripa Chess Open 2024"]
[Site "Florianopolis"]
[Date "2024.01.20"]
[Round "1.117"]
[White "Benitez, Andres"]
[Black "Fossatti, Igor Anton"]
[Result "1-0"]
[WhiteElo "1956"]
[BlackElo "1340"]
[PlyCount "65"]
[EventDate "2024.01.20"]
[EventRounds "10"]
[EventCountry "BRA"]

1. e4 c5 2. Nf3 d6 3. d4 cxd4 4. Nxd4 Nf6 5. Nc3 a6 6. Be2 e5 7. Nb3 b5 8. a4 (
{RR} 8. Bg5 Nbd7 9. a4 b4 10. Nd5 Rb8 11. a5 h6 12. Bxf6 Nxf6 13. Nxf6+ Qxf6
14. O-O Be7 15. Bc4 O-O 16. Qe2 Qg6 17. Rfe1 Ra8 18. Bd5 Rb8 19. Nd2 Bh3 20. f3
Rfc8 21. Nc4 Rb5 22. b3 Rcc5 {Cladouras,P (2385)-Schruefer,G (2205) Germany
1989 1/2-1/2 (41)}) 8... b4 9. Nd5 a5 $146 ({RR} 9... Bb7 10. Bg5 Nbd7 11. Bc4
Be7 12. Bxf6 Nxf6 13. Nxf6+ Bxf6 14. Qd3 O-O 15. Nc1 d5 16. Bxd5 Bxd5 17. exd5
e4 18. Qb3 Qd6 19. Ne2 Rac8 20. O-O Be5 21. h3 f5 22. Rac1 Rb8 23. Kh1 f4 24.
f3 {Martinez,R-Roca,P (2362) Quezon City 1999 1-0 (74)}) ({RR} 9... Nc6 10. Be3
Nxd5 11. Qxd5 Qc7 12. a5 Be6 13. Qd3 Be7 14. O-O O-O 15. Bb6 Qb7 16. Rfd1 Rfc8
17. Ra4 Bd7 18. Nc5 dxc5 19. Qxd7 Qxd7 20. Rxd7 Kf8 21. c3 f6 22. Ra1 Ke8 23.
Rd5 Nb8 24. Rad1 {Mooser,S (2197)-Stielfried,M (2151) Bayern 2012 1-0 (66)})
10. Nxf6+ Qxf6 11. Qd5 Ra7 12. Be3 Rc7 13. O-O Be7 14. Qxa5 Rxc2 15. Bd1 Rxb2
16. Qb5+ Nd7 17. Bc1 Rxb3 18. Bxb3 O-O 19. Bd5 Nc5 20. Qxb4 Qg6 21. Ra3 Qh5 22.
Be3 Ba6 23. Bc4 Re8 24. Bxa6 Nxa6 25. Qb5 Nc7 26. Qd7 f5 27. Qxc7 f4 28. Bc1 d5
29. Rh3 Qg4 30. Qxe5 Rf8 31. Qxe7 f3 32. Rg3 Qh5 33. Qxg7# 1-0

[Event "Floripa Chess Open 2024"]
[Site "Florianopolis"]
[Date "2024.01.20"]
[Round "1.118"]
[White "Biondo, Luiz Antonio Bortol"]
[Black "Oliveira, Tiago Batista"]
[Result "0-1"]
[WhiteElo "1340"]
[BlackElo "1953"]
[PlyCount "68"]
[EventDate "2024.01.20"]
[EventRounds "10"]
[EventCountry "BRA"]

1. e4 c5 2. Nc3 Nc6 3. Bc4 g6 4. f4 Bg7 5. Nf3 e6 6. O-O Nge7 7. d3 O-O 8. Qe1
a6 9. a4 ({RR} 9. g4 d5 10. Bb3 Nd4 11. Nxd4 Bxd4+ 12. Kh1 b5 13. Ne2 dxe4 14.
Nxd4 Qxd4 15. Be3 Qd6 16. Rd1 exd3 17. h3 Bb7+ 18. Kh2 Qc6 19. Rf2 c4 20. Bxc4
bxc4 21. cxd3 cxd3 22. Rxd3 Nd5 23. Bd2 Rac8 {Sengenberger,S (1415)-Gorrepati,
S (1612) Kenilworth ENG 2023 0-1 (31)}) 9... Rb8 ({RR} 9... d5 10. Ba2 b5 11.
Bd2 Rb8 12. axb5 axb5 13. Kh1 b4 14. Na4 Qa5 15. Bb3 Qb5 16. Qe2 Na5 17. exd5
Nxd5 18. Bc4 Qc6 19. Ne5 Qc7 20. Qf2 Nxc4 21. Nxc4 Rb5 22. Rae1 Bb7 23. b3 Ne7
24. Be3 {Erker,E (2250)-Sher,M (2475) Dortmund 1992 0-1 (49)}) 10. Be3 $146 ({
RR} 10. f5 d5 11. Qh4 dxe4 12. fxg6 Nxg6 13. Qxd8 Rxd8 14. Nxe4 b6 15. Nfg5
Nce5 16. Nf6+ Bxf6 17. Rxf6 Nxc4 18. dxc4 Rd1+ 19. Rf1 Rxf1+ 20. Kxf1 Bb7 21.
a5 Rd8 22. Be3 Ne5 23. b3 h6 24. Nf3 Ng4 {Todorovic,O (2165)-Smiechowska,J  
(2030) Straszecin 1989 1/2-1/2 (65)}) 10... Nd4 11. Bxd4 cxd4 12. Ne2 d5 13.
exd5 exd5 14. Bb3 Nf5 15. Qb4 a5 16. Qd2 Be6 17. Ne5 Qc7 18. Rae1 b5 19. axb5
Rxb5 20. Ba4 Rb4 21. b3 Rc8 22. Rc1 Bxe5 23. fxe5 Qxe5 24. Rfe1 Qd6 25. Nf4 Bd7
26. Bxd7 Qxd7 27. Re5 Rb5 28. c4 dxc3 29. Rxc3 Rxc3 30. Qxc3 d4 31. Qe1 Ne3 32.
Rxb5 Qxb5 33. Qb1 g5 34. Ne2 Qd5 0-1

[Event "Floripa Chess Open 2024"]
[Site "Florianopolis"]
[Date "2024.01.20"]
[Round "1.119"]
[White "Bassani, Jaison Jose"]
[Black "Monteiro, Melissa"]
[Result "1-0"]
[WhiteElo "1949"]
[BlackElo "1340"]
[PlyCount "47"]
[EventDate "2024.01.20"]
[EventRounds "10"]
[EventCountry "BRA"]

1. e4 c6 2. c4 e6 3. Nc3 Bb4 ({RR} 3... Ne7 4. d4 d5 5. Nf3 dxe4 6. Nxe4 Ng6 7.
h4 h5 8. Bd3 Ne7 9. Bg5 f6 10. Nxf6+ gxf6 11. Bxf6 Rh6 12. Bg5 Nd7 13. Qd2 Rf6
14. Bxf6 Nxf6 15. Qg5 Neg8 16. O-O Qc7 17. Bg6+ Kd8 18. Ne5 {Horvath,J (2551)
-Csom,I (2431) Budapest 2001 1-0}) 4. Qb3 Bxc3 ({RR} 4... Ba5 5. Nge2 Ne7 6. g3
d5 7. Bg2 d4 8. Nd1 h5 9. h4 c5 10. O-O Nbc6 11. d3 e5 12. f4 Bg4 13. Bf3 Qd7
14. f5 Rb8 15. Bxg4 hxg4 16. Nf2 f6 17. Nxg4 a6 18. Qd1 b5 19. b3 {Bowden,K  
(2348)-Musovic,A (2285) chess.com INT 2022 1-0 (43)}) 5. Qxc3 f6 6. d4 $146 ({
RR} 6. Be2 Ne7 7. Bh5+ Ng6 8. Qg3 O-O 9. Ne2 Ne5 10. b3 Na6 11. Ba3 d6 12. O-O
c5 13. d4 Nf7 14. Rfd1 Nb4 15. Bb2 Qe7 16. dxc5 dxc5 17. a3 Nc6 18. f4 b6 19.
e5 fxe5 20. fxe5 Nh6 {Ribbegren,K (2158)-Sela,K Ohrid 2009 0-1 (67)}) 6... d5
7. exd5 exd5 8. Nf3 Ne7 9. b3 Nd7 10. Bd3 Qc7 11. Ba3 c5 12. dxc5 Nxc5 13. Bc2
dxc4 14. Qxc4 Na6 15. Bd3 Qxc4 16. Bxc4 Nc7 17. Nd4 Nf5 18. O-O-O Nxd4 19. Rxd4
Ne6 20. Re1 Kf7 21. f4 h5 22. f5 Re8 23. fxe6+ Bxe6 24. Rd7+ 1-0

[Event "Floripa Chess Open 2024"]
[Site "Florianopolis"]
[Date "2024.01.20"]
[Round "1.120"]
[White "Oliveira, Andre Pereira Marti"]
[Black "Lutz, Igor Oscar"]
[Result "0-1"]
[WhiteElo "1333"]
[BlackElo "1947"]
[PlyCount "60"]
[EventDate "2024.01.20"]
[EventRounds "10"]
[EventCountry "BRA"]

1. Nf3 d5 2. e3 Nf6 3. b3 c5 4. Bb2 e6 5. d4 Nc6 6. Bd3 Be7 7. dxc5 Bxc5 8. a3
a6 9. Nbd2 O-O 10. b4 $146 ({RR} 10. e4 e5 11. O-O Bg4 12. h3 Bh5 13. Qe1 Re8
14. Rd1 Nd4 15. Bxd4 exd4 16. e5 Nd7 17. g4 Bg6 18. Bxg6 hxg6 19. Qe2 Bxa3 20.
Qd3 Bb2 21. Rfe1 Rc8 22. e6 Rxe6 23. Rxe6 Nc5 24. Qe2 Nxe6 {Danner,G (2359)
-Luther,T (2574) Oberwart 2003 0-1 (32)}) 10... Be7 11. O-O b5 12. e4 dxe4 13.
Nxe4 Bb7 14. Qe2 Nxe4 15. Bxe4 Bf6 16. Rad1 Qe7 17. Bxf6 Qxf6 18. Rd7 Rab8 19.
Rxb7 Rxb7 20. Bxc6 Rc7 21. Ne5 Rfc8 22. Be4 g6 23. f4 Rc3 24. Rf3 Qd8 25. Nc6
R8xc6 26. Bxc6 Rxc6 27. c3 Rd6 28. Qe4 Rd1+ 29. Kf2 Qh4+ 30. Ke2 Qe1# 0-1

[Event "Floripa Chess Open 2024"]
[Site "Florianopolis"]
[Date "2024.01.20"]
[Round "1.121"]
[White "Nascimento, Pedro Henrique Alve"]
[Black "Ferreira De Souza, Ricardo"]
[Result "0-1"]
[WhiteElo "1946"]
[BlackElo "1329"]
[PlyCount "80"]
[EventDate "2024.01.20"]
[EventRounds "10"]
[EventCountry "BRA"]

1. d4 d5 2. c4 e6 3. Nc3 f5 4. Bf4 Nf6 5. e3 Bb4 $146 ({RR} 5... Be7 6. Bd3 O-O
7. h3 b6 8. Nf3 Ne4 9. O-O g5 10. Bh2 c6 11. Ne5 Bb7 12. Bxe4 dxe4 13. f3 exf3
14. Qxf3 Bd6 15. Kh1 a6 16. Rad1 Qe7 17. Qh5 Qg7 18. Na4 c5 19. Nxb6 Ra7 20.
Na4 {Teh,W (1857)-Osuna Vega,E (2129) Caleta ENG 2020 1-0 (41)}) ({RR} 5... Bd6
6. Nf3 Bxf4 7. exf4 O-O 8. Be2 b6 9. O-O Bb7 10. Rc1 Nbd7 11. b4 dxc4 12. Bxc4
Nd5 13. Bxd5 exd5 14. Re1 Nf6 15. Ne5 a5 16. b5 Qd6 17. Qc2 g6 18. Ne2 Rac8 19.
Red1 Rfe8 20. Rd3 {Sakaev,K (2560)-Radulski,J (2470) Vrnjacka Banja 1996 1-0  
(35)}) 6. a3 Bxc3+ 7. bxc3 O-O 8. Nf3 Nc6 9. Be2 b6 10. O-O Bb7 11. Qc2 Nh5 12.
Bg5 Nf6 13. cxd5 Qxd5 14. c4 Qe4 15. Bd3 Qg4 16. Bf4 Nxd4 17. exd4 Bxf3 18. Bg3
Bb7 19. h3 Qxd4 20. Bxc7 Qc5 21. Bh2 Qc6 22. f3 Rad8 23. Rfe1 Rd7 24. Bf1 Rfd8
25. Rad1 Qc5+ 26. Kh1 Rxd1 27. Rxd1 Rxd1 28. Qxd1 Kf7 29. Bd6 Qc8 30. Qd4 Ba6
31. Kg1 Nd7 32. Bb4 Bb7 33. Bc3 e5 34. Qh4 Qc5+ 35. Kh1 Qxa3 36. Qh5+ Kf6 37.
Be1 Ke6 38. Qxh7 Qc1 39. Qg8+ Kd6 40. Bb4+ Kc7 0-1

[Event "Floripa Chess Open 2024"]
[Site "Florianopolis"]
[Date "2024.01.20"]
[Round "1.122"]
[White "Moura, Bernardo Lalane Mas"]
[Black "Kim, Thiago"]
[Result "0-1"]
[WhiteElo "1327"]
[BlackElo "1944"]
[PlyCount "55"]
[EventDate "2024.01.20"]
[EventRounds "10"]
[EventCountry "BRA"]

1. d4 Nf6 2. c4 g6 3. f3 Nc6 4. e4 e5 5. d5 Nd4 6. Nc3 Bg7 7. Be3 c5 8. Qd2 d6
9. O-O-O Bd7 $146 ({RR} 9... h5 10. h4 Bd7 11. Nh3 a6 12. Ng5 b5 13. Bd3 Qa5
14. Kb1 Rb8 15. Nxb5 Qb6 16. Nc3 O-O 17. Ka1 a5 18. g4 hxg4 19. h5 Nxh5 20.
fxg4 Bxg4 21. Rdg1 Bd7 22. Nd1 Nf4 23. Qh2 Rfe8 24. Qh7+ {Gukesh,D (2758)
-Vachier Lagrave,M (2727) chess.com INT 2023 1-0}) 10. g4 Qe7 11. h4 h5 12. g5
Nh7 13. Bh3 Nf8 14. Bg2 a6 15. Kb1 b5 16. Bf1 Rb8 17. Bd3 bxc4 18. Bxc4 Bb5 19.
Bd3 Nd7 20. Nce2 O-O 21. Nc3 Rb7 22. a4 Bxd3+ 23. Qxd3 Rfb8 24. Rd2 c4 25. Qxc4
Nc5 26. Bxd4 exd4 27. Na2 Nxe4 28. fxe4 0-1

[Event "Floripa Chess Open 2024"]
[Site "Florianopolis"]
[Date "2024.01.20"]
[Round "1.123"]
[White "Cantarino Neto, Mario Ribeiro"]
[Black "Nunes, Lilia"]
[Result "1/2-1/2"]
[WhiteElo "1944"]
[BlackElo "1325"]
[PlyCount "221"]
[EventDate "2024.01.20"]
[EventRounds "10"]
[EventCountry "BRA"]

1. c4 e6 2. Nf3 d5 3. g3 Nf6 4. Bg2 Be7 5. O-O O-O 6. b3 Nbd7 7. Bb2 b6 8. d3
Bb7 9. Nc3 c5 10. e3 Rb8 $146 ({RR} 10... dxc4 11. bxc4 a6 12. a4 Qc7 13. Rb1
Rfd8 14. Qc2 Rab8 15. Rfd1 Bxf3 16. Bxf3 Ne5 17. Bg2 Nc6 18. Ne4 Nxe4 19. Bxe4
Nb4 20. Qe2 Bf8 21. Qh5 f5 22. Bg2 Nxd3 23. Ba1 Ne5 24. e4 g6 25. Qg5 {
Fernandez Monge,L-Gil Matilla,C Valladolid 1973 1-0 (48)}) ({RR} 10... Re8 11.
Qe2 a6 12. Nd2 Qc7 13. f4 dxc4 14. bxc4 Bxg2 15. Qxg2 Rad8 16. g4 Nb8 17. g5
Nh5 18. Qe2 g6 19. Nde4 Qc6 20. a4 Nd7 21. Ng3 Nxg3 22. hxg3 f5 23. gxf6 Bxf6
24. Ne4 Bxb2 25. Qxb2 {Kryvoruchko,Y (2697)-Predke,A (2548) Abu Dhabi 2015 1-0
(40)}) ({RR} 10... Rc8 11. Re1 Qc7 12. e4 dxc4 13. dxc4 Rfd8 14. Qc2 Nf8 15.
Rad1 Rxd1 16. Rxd1 Rd8 17. Rxd8 Qxd8 18. e5 Ne8 19. Nd2 Bxg2 20. Kxg2 Ng6 21.
f4 Nc7 22. Nde4 Na6 23. Qd2 Qc8 24. Nb5 Nb4 25. Bc3 {Itkis,B (2329)-Baskakov,E
(2215) chess.com INT 2023 0-1 (63)}) 11. Rc1 Ng4 12. cxd5 exd5 13. d4 Re8 14.
h3 Ngf6 15. Ne5 cxd4 16. exd4 Nxe5 17. dxe5 Ne4 18. Nxe4 dxe4 19. Qg4 Qd2 20.
Bc3 Qxa2 21. Bxe4 Bxe4 22. Qxe4 Qxb3 23. Ba1 Qe6 24. Rc6 Qxh3 25. Qc4 Bc5 26.
Bd4 Qd7 27. Rxc5 bxc5 28. Qxc5 Rbd8 29. Be3 Qd5 30. Qxd5 Rxd5 31. Bxa7 Rdxe5
32. Kg2 Re1 33. Rxe1 Rxe1 34. Kf3 g6 35. Kf4 h6 36. Kg4 Re4+ 37. Kf3 f5 38. Bb6
Rb4 39. Bc5 Rc4 40. Bb6 g5 41. Ba7 f4 42. gxf4 Rxf4+ 43. Kg3 h5 44. Be3 Rg4+
45. Kh3 Rg1 46. Kh2 Rd1 47. Bxg5 Rd5 48. f4 Kf7 49. Kg3 Rd3+ 50. Kh4 Kg6 51.
Be7 Rd4 52. Bg5 Rc4 53. Kg3 Rc3+ 54. Kh4 Rf3 55. Bd8 Rxf4+ 56. Kg3 Rg4+ 57. Kh3
Kf5 58. Bc7 Ke4 59. Bd6 Kf3 60. Bc7 Rc4 61. Bd6 Rc1 62. Kh2 Kg4 63. Kg2 Rc2+
64. Kg1 h4 65. Bb8 h3 66. Kh1 Kf3 67. Bd6 Kg4 68. Bb8 Rc1+ 69. Kh2 Rf1 70. Bc7
Rf2+ 71. Kh1 Kf3 72. Bb8 Ke2 73. Bc7 Kf1 74. Bb8 Rb2 75. Bc7 Kf2 76. Kh2 Rc2
77. Bb8 Rc8 78. Bd6 Kf3 79. Kh1 Rh8 80. Be5 Rh5 81. Bc7 Kf2 82. Kh2 Rc5 83. Bd6
Rd5 84. Bc7 Kf1 85. Kxh3 Rg5 86. Bd8 Rg2 87. Bb6 Rb2 88. Bc5 Rb3+ 89. Kg4 Kg2
90. Bd6 Rc3 91. Be5 Rc4+ 92. Bf4 Ra4 93. Kf5 Kf3 94. Bc7 Rb4 95. Bd6 Rb5+ 96.
Be5 Ra5 97. Ke6 Ke4 98. Bc7 Rh5 99. Kd6 Rb5 100. Kc6 Rh5 101. Bd6 Kd4 102. Bc7
Kc4 103. Bf4 Ra5 104. Bc7 Ra6+ 105. Bb6 Kb4 106. Kb7 Kb5 107. Bc7 Rh6 108. Be5
Rh7+ 109. Ka8 Ka6 110. Bb8 Rg7 111. Be5 1/2-1/2

[Event "Floripa Chess Open 2024"]
[Site "Florianopolis"]
[Date "2024.01.20"]
[Round "1.124"]
[White "Santos, Humberto Robson"]
[Black "Frankental, David"]
[Result "1-0"]
[WhiteElo "1322"]
[BlackElo "1939"]
[PlyCount "55"]
[EventDate "2024.01.20"]
[EventRounds "10"]
[EventCountry "BRA"]

1. d4 d5 2. Nc3 Nf6 3. Bg5 Bf5 4. Nf3 Ne4 ({RR} 4... c6 5. Nh4 Bg6 6. Qd2 Qb6
7. O-O-O Nbd7 8. Nxg6 hxg6 9. f3 e6 10. e4 Bb4 11. a3 Be7 12. Be3 Qa5 13. Kb1
Qb6 14. Ka1 a5 15. g4 dxe4 16. g5 Nd5 17. Nxd5 cxd5 18. fxe4 dxe4 19. d5 {
Boros,D (2429)-Yanchenko,R (2467) chess.com INT 2021 1-0 (42)}) 5. Nxe4 ({RR} 
5. Bf4 f6 6. a3 c5 7. e3 Nxc3 8. bxc3 Qa5 9. Qd2 c4 10. Be2 Nc6 11. O-O g5 12.
Bg3 Qa4 13. Rfb1 O-O-O 14. Ne1 h5 15. f3 Bh6 16. Qc1 g4 17. Bf2 a6 18. Rb6 Rd7
19. Rab1 e6 {Sanhueza,C (2204)-Carrizo,L (2048) Buenos Aires ARG 2023 1-0 (33)}
) 5... Bxe4 6. e3 $146 ({RR} 6. Nd2 Bg6 7. e3 h6 8. Bf4 e6 9. a3 a6 10. c4 Nc6
11. b4 dxc4 12. Bxc4 b5 13. Be2 Bd6 14. Bf3 Ne7 15. Bxa8 Qxa8 16. O-O Bxf4 17.
exf4 O-O 18. Rc1 Nf5 19. Nb3 Qa7 20. Qd2 Nh4 {Matvienko,V (1993)-Mokrytskyy,V
Chervonograd 2015 1-0 (89)}) 6... h6 7. Bh4 g5 8. Bg3 Bg7 9. Bd3 f5 10. Bxe4
fxe4 11. Ne5 O-O 12. h4 e6 13. hxg5 Qxg5 14. Rh5 Qf6 15. Bh4 Qf5 16. Rxf5 exf5
17. Qh5 Nc6 18. Nd7 Rf7 19. Nc5 b6 20. Ne6 Na5 21. Bg3 c5 22. Nxg7 Rxg7 23.
Qxh6 Kf7 24. Be5 Rxg2 25. O-O-O c4 26. Qf6+ Ke8 27. Qh8+ Kd7 28. Qxa8 1-0